Architectural theory : (Record no. 9944)

MARC details
000 -LEADER
fixed length control field 01183nam a22003255a 4500
003 - CONTROL NUMBER IDENTIFIER
control field EG-ScBUE
005 - DATE AND TIME OF LATEST TRANSACTION
control field 20220906102747.0
008 - FIXED-LENGTH DATA ELEMENTS--GENERAL INFORMATION
fixed length control field 150818t2006 ge a f 001 0 eng d
020 ## - INTERNATIONAL STANDARD BOOK NUMBER
International Standard Book Number 3822850853
020 ## - INTERNATIONAL STANDARD BOOK NUMBER
International Standard Book Number 9783822850855
040 ## - CATALOGING SOURCE
Original cataloging agency EG-ScBUE
Language of cataloging eng
Description conventions rda
Transcribing agency EG-ScBUE
Modifying agency EG-ScBUE
082 04 - DEWEY DECIMAL CLASSIFICATION NUMBER
Classification number 720.1
Item number ARC
Edition number 22
245 00 - TITLE STATEMENT
Title Architectural theory :
Remainder of title from the renaissance to the present /
Statement of responsibility, etc with a preface by Bernd Evers ; in cooperation with the Kunstbibliothek der Staatlichen Museen zu Berlin.
264 #1 - PUBLICATION, DISTRIBUTION, ETC. (IMPRINT)
Place of publication, distribution, etc Köln :
Name of publisher, distributor, etc Taschen,
Date of publication, distribution, etc [2006]
264 #4 - PUBLICATION, DISTRIBUTION, ETC. (IMPRINT)
Date of publication, distribution, etc c2006
300 ## - PHYSICAL DESCRIPTION
Extent 575 pages :
Other physical details illustrations (some color) ;
Dimensions 20 cm
336 ## - CONTENT TYPE
Source rdacontent
Content type term text
Content type code txt
337 ## - MEDIA TYPE
Source rdamedia
Media type term unmediated
Media type code n
338 ## - CARRIER TYPE
Source rdacarrier
Carrier type term volume
Carrier type code nc
500 ## - GENERAL NOTE
General note Includes index.<br/>
500 ## - GENERAL NOTE
General note Includes appendix.<br/>
590 ## - LOCAL NOTE (RLIN)
Local note yassmeen ashraf
650 #7 - SUBJECT ADDED ENTRY--TOPICAL TERM
Topical term or geographic name as entry element Architecture
General subdivision Philosophy.
Source of heading or term BUEsh
651 ## - SUBJECT ADDED ENTRY--GEOGRAPHIC NAME
Source of heading or term BUEsh
653 ## - INDEX TERM--UNCONTROLLED
Resource For college Engineering, Architecture
Arrived date list August2015
655 ## - INDEX TERM--GENRE/FORM
Form subdivision Reading book
9 (RLIN) 34232
700 1# - ADDED ENTRY--PERSONAL NAME
Personal name Evers, Bernd,‏
Dates associated with a name 1941-
Relator term author of introduction, etc.
9 (RLIN) 39207
710 2# - ADDED ENTRY--CORPORATE NAME
Corporate name or jurisdiction name as entry element Staatliche Museen zu Berlin (Germany).‏
Subordinate unit Kupferstichkabinett,
Relator term contributor.
942 ## - ADDED ENTRY ELEMENTS (KOHA)
Koha item type NB - Book (Non borrowing)
Call number prefix 720.1 ARC
Source of classification or shelving scheme Dewey Decimal Classification
Holdings
Withdrawn status Lost status Source of classification or shelving scheme Damaged status Not for loan Home library Current library Shelving location Date acquired Source of acquisition Total Checkouts Full call number Barcode Date last seen Date checked out Koha item type Collection code Cost, normal purchase price Serial Enumeration / chronology Total Renewals Price effective from
    Dewey Decimal Classification     Central Library Central Library Second Floor 23/06/2008 Purchase 2 720.1 ARC 000012388 15/07/2025 29/10/2013 NB - Book (Non borrowing)          
    Dewey Decimal Classification     Central Library Central Library Second Floor 31/03/2009   6 720.1 ARC 000015820 15/07/2025 02/01/2016 Book - Borrowing Alahram 92.00 383 3 31/03/2009